Responses for Show #3087 - Tuesday, January 20, 1998

Contestants

[<< previous game]

Kevin Perry, a shipping supervisor and college student from Fredericksburg, Virginia

Sam Thompson, an executive assistant from Seattle, Washington

Drew Reid, a musician and songwriter from Franklin, Tennessee (whose 2-day cash winnings total $22,095)

[next game >>]

Jeopardy! Round responses

SOUTHERN TALK
SCIENCE & NATURE
FAMOUS AMYS
TASTES LIKE CHICKEN
GOLF
"W"ORDS
    $100 1
Alabama

Sam
    $100 16
Fronds

Sam
    $100 2
Amy Vanderbilt

Drew
    $100 19
frog legs

Drew
    $100 6
golf balls

Kevin
    $100 10
wick

Drew
    $200 3
you-all

Sam
    $200 25
fire ants

Kevin
    $500 4
March

Sam
    $200 20
rattlesnake

Kevin
    $200 8
putt

Kevin
    $200 11
warble

Sam
    $300 7
Civil War/War Between the States

Drew
    $300 26
sun

Drew
    $300 5
Amy Irving

Drew
    $300 21
gator (alligators)

Sam
    $300 9
(Drew: What is a drive?)

slice

DrewKevin
    $300 14
wield

Kevin
    $400 18
ornery

Drew
    $400 27
(Sam: What are mushrooms?)
(Drew: What are spores?)

Fungi

DrewSam
Triple Stumper
    $400 12
Amy Grant

Sam
    $400 22
possums

Sam
    $400 28
Greg Norman

Drew
    $400 15
woofer

Drew
    $500 24
middlin'

Kevin
    $500 30
(Kevin: What are anemones?)

echinoderms

Kevin
Triple Stumper
    $500 13
Amy Heckerling

Sam
    $500 23
(Kevin: What are pheasant?)

passenger pigeon

DrewKevin
    $500 29
mulligan

Drew
    $500 17
wombat

Drew

Scores at the first commercial break (after clue 15):

Drew Sam Kevin
$900 $1,900 $900

Scores at the end of the Jeopardy! Round:

Drew Sam Kevin
$3,200 $2,300 $800

Double Jeopardy! Round responses

RELIGION
THE WONDERFUL WORLD OF BEER
POETS & POETRY
AFRICAN AMERICANS
BITS
PEACES
    $200 1
Quakers

Drew
    $200 16
calories

Kevin
    $200 12
wedding

Sam
    $200 7
Malcolm X

Kevin
    $200 6
cigarettes

Drew
    $200 2
Korean War

Drew
    $400 4
mosques

Kevin
    $400 18
skunky

Kevin
    $400 13
Salman Rushdie

Kevin
    $400 8
Harriet Tubman

Drew
    $400 22
Uma & Oprah

Sam
    $400 3
Robert E. Lee

Drew
    $600 10
Buddhism

Drew
    $600 19
cerveza

Kevin
    $600 14
Percy Shelley

Triple Stumper
    $600 9
Commerce

Sam
    $600 28
Redd Foxx

Drew
    $600 5
Cherokee

Drew
    $1,200 11
Mexico City

Drew
    $800 20
Pete (Pete's Wicked Ale)

Kevin
    $800 15
E.E. Cummings

Drew
    $800 26
Halle Berry

Drew
    $800 29
(Drew: Who is Al Franken?)

Stuart Smalley

Drew
    $800 24
Chechnya

Triple Stumper
    $1000 23
Krishna

Triple Stumper
    $1000 21
Porters

Triple Stumper
    $1000 17
Richard Lovelace

Triple Stumper
    $1000 27
(Sam: Who is Wolf Blitzer?)

Bernard Shaw

Sam
Triple Stumper
    $1000 30
John Cleese

Sam
    $1000 25
(Sam: What is Provence?)

Lorraine

SamKevin

Scores at the end of the Double Jeopardy! Round:

Drew Sam Kevin
$8,400 $2,500 $4,800

[wagering suggestions for these scores]

Final Jeopardy! Round responses

PLACE NAME ORIGINS
SamWhat is St. Helena?
$2,500
KevinWhat is St. Helena?
$4,700
DrewWhat is Elba?
$1,300
Saint Helena (where Napoleon was exiled in 1815)

Final scores:

Drew Sam Kevin
$7,100 $5,000 $9,500
2nd place: Intel Create & Share Camera Pack, Desktop PC & Bush Computer Desk 3rd place: Pair of Wittnauer Montego Watches New champion: $9,500

Game dynamics:

Coryat scores:

Drew Sam Kevin
$8,800 $2,200 $4,800
23 R
(including 1 DD),
3 W
(including 1 DD)
13 R
(including 1 DD),
3 W
15 R,
2 W

Combined Coryat: $15,800

[game clues] [game scores] [suggest correction]

Game tape date: Unknown
The J! Archive is created by fans, for fans. Scraping, republication, monetization, and malicious use prohibited; this site may use cookies and collect identifying information. See terms. The Jeopardy! game show and all elements thereof, including but not limited to copyright and trademark thereto, are the property of Jeopardy Productions, Inc. and are protected under law. This website is not affiliated with, sponsored by, or operated by Jeopardy Productions, Inc. Join the discussion at JBoard.tv.